| 000 | 00404 a2200133 4500 | ||
|---|---|---|---|
| 999 |
_c321245 _d321245 |
||
| 001 | 86172 | ||
| 003 | NUST | ||
| 005 | 20180122091459.0 | ||
| 008 | 180122b xxu||||| |||| 00| 0 eng d | ||
| 020 | _a9781107019058 | ||
| 082 | _a352.350954 BUS | ||
| 100 |
_aJennifer Bussell _99413 |
||
| 245 |
_aCorruption and reform in India : public services in the digital age _cJennifer Bussell |
||
| 260 |
_aNew York _bCambridge University Press _c2012 |
||
| 300 | _axiii, 306 p. | ||
| 942 |
_aCAE NUST _cBK _k352.350954 BUS _2ddc |
||